Bratislava gehen, sehen & genießen : 5 Routen durch die Hauptstadt der Slowakei, Geschichte, Kultur, Sightseeing, Essen und Trinken

Podrobná bibliografia
Hlavný autor: Hanappi, Irene (Autor)
Médium: Kniha
Jazyk:nemčina
Fyzický popis:136 strán fotografie, ilustrácie, mapy 21 cm
Vydavateľské údaje: Wien Falter Verlagsgesellschaft 2013
ISBN:9783854395058
Vydanie:4., überarbeitete Auflage
Edícia:Falters city walks
Predmet:

MARC

LEADER 00000nam a2200000 4500
001 vtls011745812
003 SK-MaSNL
005 20260426015939.0
008 240318s2013 au oab g f 001 0 ger
015 |a SNBZSA2018/05 
020 |a 9783854395058  |q (brožované) 
035 |a urn:nbn:sk:snk-am00d2sk 
035 |a urn:nbn:sk:snk-am3hjqo 
035 |a F0EC0073-FCB6-4253-8F90-250E15A0173E 
040 |a SNK  |b slo  |c SNK  |e rda 
041 0 |a ger 
043 |a e-xo--- 
044 |a au  |c AT 
072 7 |a 913  |x Regionálna geografia  |2 konspekt 
080 |a 913:338.483.1  |2 2011 
080 |a 904:338.483.12  |2 2011 
080 |a (036)913  |2 2011 
080 |a (437.611)  |2 2011 
100 1 |a Hanappi, Irene  |4 aut  |9 476281 
245 1 0 |a Bratislava  |b gehen, sehen & genießen : 5 Routen durch die Hauptstadt der Slowakei, Geschichte, Kultur, Sightseeing, Essen und Trinken  |c Irene Hanappi 
250 |a 4., überarbeitete Auflage 
264 1 |a Wien  |b Falter Verlagsgesellschaft  |c 2013 
300 |a 136 strán  |b fotografie, ilustrácie, mapy  |c 21 cm 
336 |a text  |b txt  |2 rdacontent 
337 |a bez média  |b n  |2 rdamedia 
338 |a zväzok  |b nc  |2 rdacarrier 
490 1 |a Falters city walks  |v 10 
504 |a Dokument obsahuje register a slovníček dôležitých výrazov 
650 0 7 |a turistické zaujímavosti  |2 SNKPH  |9 73869 
650 0 7 |a Tourist sights  |2 SNKPHeng  |9 296885 
650 0 7 |a kultúrne zaujímavosti  |2 SNKPH  |9 247470 
650 0 7 |a Cultural features  |2 SNKPHeng  |9 332002 
651 7 |a Bratislava (Slovensko)  |2 SNKPH  |9 14568 
651 7 |a Bratislava (Slovakia)  |2 SNKPHeng  |9 171234 
655 7 |a turistickí sprievodcovia (publikácie)  |2 SNKPH  |9 191298 
655 7 |a Tourist guides  |2 SNKPHeng  |9 274119 
830 0 |a Falters city walks  |9 319617 
919 |a 978-3-85439-505-8 
958 |a ZS 
958 |a NB 
999 |c 1198243  |d 1200173 
952 |a SNK  |b SNK  |y PREZ  |7 0  |p 17A1329520  |o snkSC 179217  |i snk2018/8406  |8 2  |g 9.90  |0 0  |1 0  |4 0  |d 2018-03-12  |f 1  |l 0  |r 2026-02-24 22:33:16  |w 2026-02-24